00778nam a2200169 i 4500001000700000003000900007005001700016008004100033040003000074100003900104245010800143260008600251300007700337852005100414999001900465952012400484164456ES-MaACL20230906212936.0991122s1883 sp |||| | spa d aCCPB | B bspa cCCPB | B1 aSalinas y Angulo, Ignacio.910195410aExposición de las funciones del Estado Mayor b: en paz y en guerra / cpor Ignacio Salinas y Angulo. aMadrid : b[s.n.], c1883 (fimprenta y litografía del Depósito de la Guerra) a2 v. (XX, 376 p., [4] h. pleg.; XXVIII, 535 p., [1] h. pleg.) ; c23 cm. aES-MaACLjG-6635-36 z-- Enc. pasta española c164456d164456 001040708LIBXIXaATENEOMbATENEOMcDEPO2d2008-01-17l0oG-6635-36p1172384r2023-02-23 00:00:00w2023-02-23yMONANT